[Event "Benidorm 2005 - Torneo de las Estrellas"]
[Site "Benidorm ESP"]
[Date "2005.11.19"]
[Round "9.1"]
[White "Malakhov, Vladimir"]
[Black "Nisipeanu, Liviu-Dieter"]
[Result "1-0"]
[WhiteElo "2670"]
[BlackElo "2707"]
[PlyCount "67"]
[EventDate "2005.11.17"]
[EventType "swiss (rapid)"]
[EventRounds "11"]
[EventCountry "ESP"]
[Source "lmi"]
[SourceDate "2005.11.20"]

1. Nf3 c5 2. c4 Nf6 3. Nc3 e6 4. g3 b6 5. Bg2 Bb7 6. O-O Be7 7. d4 cxd4 8. Qxd4
d6 9. Bg5 a6 10. Bxf6 Bxf6 11. Qf4 O-O 12. Rfd1 Be7 13. Ne4 Bxe4 14. Qxe4 Ra7
15. Nd4 Rc7 16. b3 Bf6 17. e3 Nd7 18. Rac1 Qc8 19. Rb1 Rc5 20. Nxe6 fxe6 21.
Qxe6+ Kh8 22. Bh3 Rd8 23. Rxd6 Ne5 24. Qxc8 Rcxc8 25. Rxb6 Rb8 26. Rxa6 Nxc4
27. Bg2 Rd2 28. b4 h5 29. b5 h4 30. a4 Nb2 31. b6 Nd3 32. b7 Nxf2 33. Ra8 Be5
34. Rb5 1-0

[Event "Benidorm 2005 - Torneo de las Estrellas"]
[Site "Benidorm ESP"]
[Date "2005.11.19"]
[Round "9.2"]
[White "Dreev, Alexey"]
[Black "Karjakin, Sergey"]
[Result "1/2-1/2"]
[WhiteElo "2694"]
[BlackElo "2658"]
[PlyCount "131"]
[EventDate "2005.11.17"]
[EventType "swiss (rapid)"]
[EventRounds "11"]
[EventCountry "ESP"]
[Source "lmi"]
[SourceDate "2005.11.20"]

1. d4 d5 2. c4 c6 3. Nc3 Nf6 4. e3 e6 5. Nf3 Nbd7 6. Bd3 dxc4 7. Bxc4 b5 8. Bd3
a6 9. e4 c5 10. e5 cxd4 11. Nxb5 axb5 12. exf6 gxf6 13. O-O Qb6 14. Qe2 Ba6 15.
Rd1 Rd8 16. Bf4 Nc5 17. Rac1 Bg7 18. Bb1 b4 19. Qc2 Rc8 20. Nxd4 b3 21. Nxb3
Nxb3 22. Qxb3 Rxc1 23. Rxc1 Qxb3 24. axb3 O-O 25. b4 f5 26. b3 Rd8 27. h3 Bf8
28. Rc6 Be2 29. Bc2 Bxb4 30. Rb6 Bc5 31. Rb8 Rxb8 32. Bxb8 Kf8 33. Be5 Ke7 34.
g3 Bf3 35. Bc3 Kd6 36. Bd3 Bd5 37. b4 Bb6 38. Kf1 Bf3 39. Bc4 Ba7 40. Ke1 Bb6
41. Bg7 Bd5 42. Bd3 Ke7 43. Be5 f6 44. Bf4 Bd4 45. Ke2 Bc3 46. b5 Ba5 47. Be3
Kd6 48. f3 Bb4 49. g4 fxg4 50. fxg4 Bg2 51. Kf2 Bd5 52. Bxh7 f5 53. h4 Ke5 54.
g5 Bc4 55. g6 Kf6 56. b6 Bd5 57. Bg5+ Kg7 58. h5 Bc3 59. Ke3 Bb2 60. Kd3 Be5
61. Ke3 Bb2 62. Be7 e5 63. h6+ Kxh6 64. Bf8+ Kg5 65. g7 Bd4+ 66. Ke2 1/2-1/2

[Event "Benidorm 2005 - Torneo de las Estrellas"]
[Site "Benidorm ESP"]
[Date "2005.11.19"]
[Round "9.3"]
[White "Delchev, Aleksander"]
[Black "Korneev, Oleg"]
[Result "1/2-1/2"]
[WhiteElo "2669"]
[BlackElo "2601"]
[PlyCount "42"]
[EventDate "2005.11.17"]
[EventType "swiss (rapid)"]
[EventRounds "11"]
[EventCountry "ESP"]
[Source "lmi"]
[SourceDate "2005.11.20"]

1. e4 c5 2. Nf3 e6 3. d4 cxd4 4. Nxd4 a6 5. Bd3 Bc5 6. Nb3 Ba7 7. Qg4 Nf6 8.
Qg3 d6 9. Nc3 Nc6 10. O-O Ne5 11. Be2 O-O 12. Kh1 b5 13. f4 Nc4 14. e5 Ne8 15.
a4 Bd7 16. axb5 axb5 17. Ne4 Bc6 18. Bd3 Bxe4 19. Bxe4 d5 20. Bd3 f5 21. c3 Nc7
1/2-1/2

[Event "Benidorm 2005 - Torneo de las Estrellas"]
[Site "Benidorm ESP"]
[Date "2005.11.19"]
[Round "9.4"]
[White "Djingarova, Emilia"]
[Black "Stefanova, Antoaneta"]
[Result "0-1"]
[WhiteElo "2358"]
[BlackElo "2494"]
[PlyCount "102"]
[EventDate "2005.11.17"]
[EventType "swiss (rapid)"]
[EventRounds "11"]
[EventCountry "ESP"]
[Source "lmi"]
[SourceDate "2005.11.20"]

1. e4 e5 2. Bc4 Nf6 3. d3 Nc6 4. Nf3 Bc5 5. c3 a6 6. O-O d6 7. h3 O-O 8. Bb3
Ba7 9. Re1 Be6 10. Bc2 Re8 11. Nbd2 h6 12. Nf1 d5 13. exd5 Bxd5 14. Be3 Bxe3
15. Nxe3 Be6 16. Nf1 Qd6 17. Ng3 Rad8 18. Qe2 Bc8 19. Rad1 Bd7 20. Nh4 g6 21.
Qf3 Kg7 22. Ne4 Nxe4 23. dxe4 Qf6 24. Qg3 Be6 25. b3 Qg5 26. Qxg5 hxg5 27. Nf3
g4 28. Ng5 Bc8 29. hxg4 Bxg4 30. f3 Bc8 31. Bd3 Kf6 32. Nh7+ Ke7 33. Ng5 Rh8
34. Bc4 Rxd1 35. Rxd1 f6 36. Nh3 Bxh3 37. gxh3 Rxh3 38. Kg2 Rh8 39. Bd5 Nd8 40.
b4 c6 41. Bb3 Ne6 42. Bxe6 Kxe6 43. a4 Ke7 44. a5 f5 45. Kf2 Rh2+ 46. Kg3 Rc2
47. Rd3 Re2 48. exf5 gxf5 49. Kh4 Rh2+ 50. Kg3 Rc2 51. Re3 f4+ 0-1

[Event "Benidorm 2005 - Torneo de las Estrellas"]
[Site "Benidorm ESP"]
[Date "2005.11.19"]
[Round "9.5"]
[White "Contreras, Henry"]
[Black "Neubauer, Martin"]
[Result "1/2-1/2"]
[WhiteElo "2311"]
[BlackElo "2442"]
[PlyCount "68"]
[EventDate "2005.11.17"]
[EventType "swiss (rapid)"]
[EventRounds "11"]
[EventCountry "ESP"]
[Source "lmi"]
[SourceDate "2005.11.20"]

1. e4 e5 2. Nf3 Nc6 3. d4 exd4 4. Nxd4 Nf6 5. Nxc6 bxc6 6. e5 Qe7 7. Qe2 Nd5 8.
c4 Nb6 9. g3 Qe6 10. Nd2 a5 11. Qe4 g6 12. Bd3 Bg7 13. Nf3 Ba6 14. b3 d5 15.
Qe2 dxc4 16. bxc4 Bxc4 17. O-O O-O 18. Bb2 Rfe8 19. Rae1 Bxd3 20. Qxd3 Qxa2 21.
Ba1 Rad8 22. Qe4 Qc4 23. Qe3 Rd3 24. Qe2 Qd5 25. Ng5 Nc4 26. f4 Nd2 27. Rf2 h6
28. Ne4 Nxe4 29. Qxe4 Bf8 30. Rfe2 Bb4 31. Rf1 Rd8 32. e6 Qxe4 33. Rxe4 Rd1 34.
e7 Rxf1+ 1/2-1/2

[Event "Benidorm 2005 - Torneo de las Estrellas"]
[Site "Benidorm ESP"]
[Date "2005.11.19"]
[Round "9.6"]
[White "Gomez Baillo, Jorge H"]
[Black "Minzer, Claudio Javier"]
[Result "1/2-1/2"]
[WhiteElo "2422"]
[BlackElo "2438"]
[PlyCount "27"]
[EventDate "2005.11.17"]
[EventType "swiss (rapid)"]
[EventRounds "11"]
[EventCountry "ESP"]
[Source "lmi"]
[SourceDate "2005.11.20"]

1. e4 c5 2. c3 d5 3. exd5 Qxd5 4. d4 cxd4 5. cxd4 Nc6 6. Be3 e5 7. Nc3 Bb4 8.
a3 Bxc3+ 9. bxc3 exd4 10. cxd4 Nf6 11. Nf3 O-O 12. Be2 b6 13. O-O Bb7 14. Rb1
1/2-1/2

[Event "Benidorm 2005 - Torneo de las Estrellas"]
[Site "Benidorm ESP"]
[Date "2005.11.20"]
[Round "10.1"]
[White "Stefanova, Antoaneta"]
[Black "Malakhov, Vladimir"]
[Result "0-1"]
[WhiteElo "2494"]
[BlackElo "2670"]
[PlyCount "72"]
[EventDate "2005.11.17"]
[EventType "swiss (rapid)"]
[EventRounds "11"]
[EventCountry "ESP"]
[Source "lmi"]
[SourceDate "2005.11.20"]

1. d4 d5 2. c4 e6 3. Nf3 c6 4. Qc2 Nf6 5. Bg5 h6 6. Bh4 dxc4 7. Qxc4 b5 8. Qc2
Bb7 9. e3 Nbd7 10. Nbd2 Rc8 11. Be2 a6 12. a4 Be7 13. O-O O-O 14. Rfd1 c5 15.
d5 Nxd5 16. Bxe7 Qxe7 17. axb5 Nb4 18. Qc3 axb5 19. Bxb5 Nb6 20. Ra7 Rc7 21. e4
Nc8 22. Ra5 Nd6 23. Bd3 Nxd3 24. Qxd3 Rd8 25. e5 Ne4 26. Qe2 Rcd7 27. Raa1 Nxd2
28. Rxd2 Rxd2 29. Nxd2 Bxg2 30. Kxg2 Qg5+ 31. Kf1 Qxd2 32. Qxd2 Rxd2 33. Ra8+
Kh7 34. Rc8 Rd5 35. f4 g5 36. Rc7 Kg6 0-1

[Event "Benidorm 2005 - Torneo de las Estrellas"]
[Site "Benidorm ESP"]
[Date "2005.11.20"]
[Round "10.2"]
[White "Neubauer, Martin"]
[Black "Nisipeanu, Liviu-Dieter"]
[Result "0-1"]
[WhiteElo "2442"]
[BlackElo "2707"]
[PlyCount "72"]
[EventDate "2005.11.17"]
[EventType "swiss (rapid)"]
[EventRounds "11"]
[EventCountry "ESP"]
[Source "lmi"]
[SourceDate "2005.11.20"]

1. e4 c6 2. d4 d5 3. exd5 cxd5 4. c4 Nf6 5. Nc3 e6 6. Nf3 Bb4 7. cxd5 Nxd5 8.
Bd2 Nc6 9. Bd3 O-O 10. O-O Be7 11. Qe2 Nf6 12. a3 b6 13. Rad1 Bb7 14. Bg5 Re8
15. Rfe1 Nd5 16. Bxe7 Ncxe7 17. Bxh7+ Kxh7 18. Ng5+ Kg8 19. Qh5 Ng6 20. Qh7+
Kf8 21. Nxe6+ Rxe6 22. Rxe6 Nf6 23. Rxf6 Qxf6 24. f3 Qh4 25. Qxh4 Nxh4 26. Kf2
Rd8 27. d5 Nf5 28. a4 a6 29. a5 bxa5 30. Ra1 Ne7 31. Rxa5 Nxd5 32. Ne4 Nb4 33.
Ra4 Nd3+ 34. Ke3 Nxb2 35. Rb4 Nd1+ 36. Kf4 Bxe4 0-1

[Event "Benidorm 2005 - Torneo de las Estrellas"]
[Site "Benidorm ESP"]
[Date "2005.11.20"]
[Round "10.3"]
[White "Korneev, Oleg"]
[Black "Karjakin, Sergey"]
[Result "1-0"]
[WhiteElo "2601"]
[BlackElo "2658"]
[PlyCount "116"]
[EventDate "2005.11.17"]
[EventType "swiss (rapid)"]
[EventRounds "11"]
[EventCountry "ESP"]
[Source "lmi"]
[SourceDate "2005.11.20"]

1. e4 e5 2. Nf3 Nc6 3. Bb5 a6 4. Ba4 Nf6 5. d3 b5 6. Bb3 Be7 7. O-O O-O 8. h3
d6 9. c3 Na5 10. Bc2 c5 11. Nbd2 Re8 12. Re1 Bf8 13. Nf1 h6 14. Ng3 g6 15. d4
Qc7 16. b3 Bg7 17. d5 Bd7 18. Be3 Nb7 19. Qd2 Kh7 20. a4 bxa4 21. bxa4 Na5 22.
Qe2 Ng8 23. Nd2 Ne7 24. Bd3 f5 25. exf5 gxf5 26. Nh5 Bh8 27. c4 Rg8 28. g4 Raf8
29. Rab1 Bxa4 30. Kh1 Bd7 31. Bc2 Ng6 32. Nf1 Qd8 33. Nh2 Qh4 34. Rb6 Qxh3 35.
Rxd6 Bc8 36. Qf3 Qxf3+ 37. Nxf3 Nxc4 38. Rc6 Rf7 39. Rxc8 Rxc8 40. gxf5 Nf4 41.
Bxf4 exf4 42. f6+ Kg8 43. Bf5 Rd8 44. Be6 Kf8 45. Bxf7 Kxf7 46. Re4 Rxd5 47.
Nxf4 Rd1+ 48. Kg2 Nd6 49. Ra4 Bxf6 50. Rxa6 c4 51. Ra7+ Ke8 52. Nh5 Bb2 53. Rh7
Nf7 54. Nh4 Rd5 55. Nf4 Rg5+ 56. Kf3 c3 57. Ke2 c2 58. Nd3 Rd5 1-0

[Event "Benidorm 2005 - Torneo de las Estrellas"]
[Site "Benidorm ESP"]
[Date "2005.11.20"]
[Round "10.4"]
[White "Minzer, Claudio Javier"]
[Black "Dreev, Alexey"]
[Result "0-1"]
[WhiteElo "2438"]
[BlackElo "2694"]
[PlyCount "59"]
[EventDate "2005.11.17"]
[EventType "swiss (rapid)"]
[EventRounds "11"]
[EventCountry "ESP"]
[Source "lmi"]
[SourceDate "2005.11.20"]

1. d4 d5 2. Bf4 Nf6 3. Nf3 g6 4. e3 Bg7 5. Be2 O-O 6. O-O c5 7. c3 b6 8. Nbd2
Bb7 9. b4 Nbd7 10. h3 Ne4 11. Qb3 Nxd2 12. Nxd2 Bc6 13. Bf3 e5 14. dxe5 Nxe5
15. Bxe5 Bxe5 16. b5 Bb7 17. Rad1 Rb8 18. c4 d4 19. Bxb7 Rxb7 20. Nf3 Bf6 21.
exd4 cxd4 22. Rd3 Rd7 23. Rfd1 Re8 24. Qb4 Qc7 25. a4 Rc8 26. Rc1 Qf4 27. Rc2
Qe4 28. Qd2 Rdc7 29. Nxd4 Rd7 30. Qd1 0-1

[Event "Benidorm 2005 - Torneo de las Estrellas"]
[Site "Benidorm ESP"]
[Date "2005.11.20"]
[Round "10.5"]
[White "Gomez Baillo, Jorge H"]
[Black "Delchev, Aleksander"]
[Result "0-1"]
[WhiteElo "2422"]
[BlackElo "2669"]
[PlyCount "98"]
[EventDate "2005.11.17"]
[EventType "swiss (rapid)"]
[EventRounds "11"]
[EventCountry "ESP"]
[Source "lmi"]
[SourceDate "2005.11.20"]

1. e4 c5 2. c3 Nf6 3. e5 Nd5 4. Nf3 e6 5. Bc4 d6 6. d4 cxd4 7. cxd4 Nb6 8. Bb3
dxe5 9. Nxe5 Nc6 10. Nf3 Be7 11. O-O O-O 12. Nc3 Nb4 13. Qe2 Bd7 14. Ne5 Bc6
15. a3 N4d5 16. Nxc6 bxc6 17. Ne4 Nd7 18. Be3 Rb8 19. Ba2 Qb6 20. b4 N7f6 21.
Nxf6+ Bxf6 22. Rac1 Rfc8 23. Rc5 Be7 24. Bxd5 cxd5 25. Ra5 Rc4 26. h3 Rbc8 27.
Qg4 Qb7 28. Rd1 Rc3 29. Qe2 R8c4 30. Rd3 Rc2 31. Rd2 R2c3 32. Rd3 Rxd3 33. Qxd3
Bd6 34. g3 h5 35. h4 g6 36. Kg2 Bc7 37. Rc5 Bb6 38. Bf4 Bxc5 39. bxc5 Qb2 40.
Be5 Qc2 41. Qf3 Qe4 42. Qxe4 dxe4 43. Kf1 Kf8 44. Ke2 Ke8 45. Ke3 Rc3+ 46. Kxe4
Rxa3 47. d5 f5+ 48. Kf4 exd5 49. c6 Ra6 0-1

[Event "Benidorm 2005 - Torneo de las Estrellas"]
[Site "Benidorm ESP"]
[Date "2005.11.20"]
[Round "10.6"]
[White "Sanchez Aller, Fernando"]
[Black "Pogorelov, Ruslan"]
[Result "0-1"]
[WhiteElo "2274"]
[BlackElo "2439"]
[PlyCount "128"]
[EventDate "2005.11.17"]
[EventType "swiss (rapid)"]
[EventRounds "11"]
[EventCountry "ESP"]
[Source "lmi"]
[SourceDate "2005.11.20"]

1. e4 c5 2. Nc3 Nc6 3. g3 g6 4. Bg2 Bg7 5. d3 d6 6. Be3 e6 7. Qd2 Rb8 8. Nge2
Nd4 9. O-O b5 10. a3 a5 11. Nd1 Ne7 12. Nc1 b4 13. axb4 axb4 14. c3 bxc3 15.
bxc3 Ndc6 16. Bh6 O-O 17. Bxg7 Kxg7 18. Ne3 d5 19. exd5 exd5 20. d4 cxd4 21.
cxd4 Be6 22. Ne2 Qb6 23. Rfd1 Qb2 24. Nf4 Qxd2 25. Rxd2 Rfd8 26. h4 Rb4 27.
Rad1 Na5 28. Ra2 Nac6 29. Rad2 h6 30. Nc2 Ra4 31. Re1 Rd6 32. Ra1 Rxa1+ 33.
Nxa1 g5 34. hxg5 hxg5 35. Ne2 Na5 36. Ra2 Nc4 37. Ra7 Kf6 38. Nb3 Rb6 39. Nc5
Rb1+ 40. Kh2 Rb2 41. Nxe6 fxe6 42. Bf1 Nd2 43. Bg2 Ne4 44. Bxe4 Rxe2 45. Bh7
Rxf2+ 46. Kg1 Rd2 47. Ra4 Nf5 48. Bxf5 Kxf5 49. Kf1 Kg4 50. Ke1 Rd3 51. Kf2
Rf3+ 52. Ke2 Rxg3 53. Ra1 Kf4 54. Rf1+ Ke4 55. Rf6 Kxd4 56. Rxe6 Rg4 57. Rg6
Re4+ 58. Kd2 g4 59. Rg8 Ke5 60. Rf8 Rf4 61. Re8+ Kd4 62. Re2 g3 63. Re8 g2 64.
Re5 Kxe5 0-1

[Event "Benidorm 2005 - Torneo de las Estrellas"]
[Site "Benidorm ESP"]
[Date "2005.11.20"]
[Round "11.1"]
[White "Nisipeanu, Liviu-Dieter"]
[Black "Pogorelov, Ruslan"]
[Result "1-0"]
[WhiteElo "2707"]
[BlackElo "2439"]
[PlyCount "57"]
[EventDate "2005.11.17"]
[EventType "swiss (rapid)"]
[EventRounds "11"]
[EventCountry "ESP"]
[Source "lmi"]
[SourceDate "2005.11.20"]

1. e4 e6 2. d4 d5 3. Nd2 dxe4 4. Nxe4 Nd7 5. Nf3 Ngf6 6. Nxf6+ Nxf6 7. Bg5 c5
8. Bc4 cxd4 9. O-O a6 10. Qe2 b5 11. Bb3 d3 12. cxd3 Be7 13. Ne5 Qb6 14. Rac1
Bb7 15. Rfe1 Rd8 16. Be3 Qa5 17. Bd2 Qb6 18. Nxf7 Kxf7 19. Ba5 Qd6 20. Bc7 Qd4
21. Qxe6+ Kg6 22. Qf7+ Kh6 23. Rxe7 Qg4 24. Bf4+ Qxf4 25. Qxg7+ Kh5 26. Bd1+
Kh4 27. g3+ Kh3 28. gxf4 Rhg8 29. Rxb7 1-0

[Event "Benidorm 2005 - Torneo de las Estrellas"]
[Site "Benidorm ESP"]
[Date "2005.11.20"]
[Round "11.2"]
[White "Malakhov, Vladimir"]
[Black "Arjun, Vishnuvardhan"]
[Result "1-0"]
[WhiteElo "2670"]
[BlackElo "2190"]
[PlyCount "80"]
[EventDate "2005.11.17"]
[EventType "swiss (rapid)"]
[EventRounds "11"]
[EventCountry "ESP"]
[Source "lmi"]
[SourceDate "2005.11.20"]

1. Nf3 Nf6 2. c4 c5 3. d4 cxd4 4. Nxd4 g6 5. Nc3 Bg7 6. e4 d6 7. Be2 O-O 8. Be3
Nc6 9. O-O Nxd4 10. Bxd4 Be6 11. Rc1 Qa5 12. b3 Rfc8 13. f3 a6 14. Qd3 Nd7 15.
Bxg7 Kxg7 16. Kh1 Nc5 17. Qd4+ Kg8 18. f4 f6 19. Bf3 Rd8 20. Rc2 Rac8 21. h4
Nd7 22. a4 Qb4 23. Rb1 Nc5 24. Qe3 a5 25. Rcc1 Qb6 26. Re1 Nd7 27. Qd2 Nc5 28.
Bd1 Qb4 29. Bc2 Bf7 30. Qe3 Nd7 31. Nd5 Bxd5 32. exd5 Nf8 33. f5 Rc7 34. fxg6
hxg6 35. Qh6 Kf7 36. h5 g5 37. Bg6+ Kg8 38. Bf5 Qc3 39. Be6+ Nxe6 40. Rxe6 Qg3
1-0

[Event "Benidorm 2005 - Torneo de las Estrellas"]
[Site "Benidorm ESP"]
[Date "2005.11.20"]
[Round "11.3"]
[White "Dreev, Alexey"]
[Black "Lariño Nieto, David"]
[Result "1-0"]
[WhiteElo "2694"]
[BlackElo "2325"]
[PlyCount "87"]
[EventDate "2005.11.17"]
[EventType "swiss (rapid)"]
[EventRounds "11"]
[EventCountry "ESP"]
[Source "lmi"]
[SourceDate "2005.11.20"]

1. d4 e6 2. c4 d5 3. Nf3 c5 4. cxd5 exd5 5. g3 Nc6 6. Bg2 Nf6 7. O-O Be7 8. Nc3
O-O 9. dxc5 Bxc5 10. Na4 Be7 11. Be3 Ne4 12. Nd4 Ne5 13. Rc1 Bd7 14. Nc3 Nxc3
15. Rxc3 Bf6 16. Qb3 Nc4 17. Rd1 Nb6 18. Qc2 Re8 19. b3 Qe7 20. Qd2 Be5 21. Rc2
Bd6 22. Bg5 Qf8 23. Bf4 Bb4 24. Qd3 Rac8 25. Rdc1 Bd6 26. Rxc8 Rxc8 27. Rxc8
Bxc8 28. Bxd6 Qxd6 29. Qc3 Bd7 30. Qa5 g6 31. h3 a6 32. e3 Be6 33. Kh2 Bd7 34.
Bf3 h5 35. Kg2 Kh7 36. a4 Kg8 37. Ne2 Bc8 38. Qc3 Qd7 39. Nf4 Qc6 40. Qe5 Be6
41. a5 Nd7 42. Qd4 Nc5 43. Nxd5 Qb5 44. Nc3 1-0

[Event "Benidorm 2005 - Torneo de las Estrellas"]
[Site "Benidorm ESP"]
[Date "2005.11.20"]
[Round "11.4"]
[White "Delchev, Aleksander"]
[Black "Stefanova, Antoaneta"]
[Result "1/2-1/2"]
[WhiteElo "2669"]
[BlackElo "2494"]
[PlyCount "113"]
[EventDate "2005.11.17"]
[EventType "swiss (rapid)"]
[EventRounds "11"]
[EventCountry "ESP"]
[Source "lmi"]
[SourceDate "2005.11.20"]

1. e4 e5 2. Bc4 Nf6 3. d3 Nc6 4. Nf3 Bc5 5. c3 a6 6. O-O Ba7 7. Bb3 O-O 8. Re1
d6 9. h3 Be6 10. Bc2 d5 11. exd5 Bxd5 12. Nxe5 Nxe5 13. Rxe5 Qd6 14. d4 c5 15.
Be3 Qc6 16. Rf5 g6 17. Rg5 Rad8 18. Nd2 cxd4 19. cxd4 Bb8 20. Rc1 Qe6 21. Bb3
Kg7 22. Rc5 Bxb3 23. axb3 h6 24. Rge5 Bxe5 25. Rxe5 Qc6 26. Rc5 Qd7 27. Nc4 Nd5
28. Qf3 Qe6 29. Ne5 Nxe3 30. fxe3 Qe7 31. Qg4 h5 32. Qe4 Rc8 33. b4 b6 34. Rd5
Qb7 35. Qf3 Rcd8 36. e4 Rxd5 37. exd5 Qc7 38. Qc3 Qd6 39. Qf3 Qxb4 40. Nc6 Qd6
41. Qe4 Qd7 42. Qe5+ Kh7 43. Ne7 Rd8 44. Qf6 Qe8 45. d6 a5 46. Kh2 Rd7 47. Nd5
Qd8 48. Ne7 Qe8 49. g4 hxg4 50. hxg4 a4 51. Kg3 b5 52. Kf4 b4 53. Qh4+ Kg7 54.
Nf5+ gxf5 55. Qg5+ Kh8 56. Qh6+ Kg8 57. Qg5+ 1/2-1/2

[Event "Benidorm 2005 - Torneo de las Estrellas"]
[Site "Benidorm ESP"]
[Date "2005.11.20"]
[Round "11.5"]
[White "Karjakin, Sergey"]
[Black "Bosque Ortega, Xavier"]
[Result "1-0"]
[WhiteElo "2658"]
[BlackElo "2282"]
[PlyCount "57"]
[EventDate "2005.11.17"]
[EventType "swiss (rapid)"]
[EventRounds "11"]
[EventCountry "ESP"]
[Source "lmi"]
[SourceDate "2005.11.20"]

1. e4 c6 2. d4 d5 3. Nc3 g6 4. e5 Bg7 5. f4 h5 6. Nf3 Bg4 7. Bd3 e6 8. Be3 Nh6
9. h3 Bxf3 10. Qxf3 h4 11. O-O Nf5 12. Bf2 Nd7 13. Ne2 Bf8 14. b3 Be7 15. c4
Nb6 16. Rfb1 Kf8 17. c5 Nd7 18. b4 b5 19. cxb6 axb6 20. a4 Kg7 21. Bxf5 gxf5
22. Qc3 c5 23. dxc5 bxc5 24. bxc5 Qc7 25. c6 Nb8 26. Rb7 Qc8 27. Nd4 Re8 28.
Rxe7 Rxe7 29. Bxh4 1-0

[Event "Benidorm 2005 - Torneo de las Estrellas"]
[Site "Benidorm ESP"]
[Date "2005.11.20"]
[Round "11.6"]
[White "Garcia Fernandez, Carlos"]
[Black "Korneev, Oleg"]
[Result "1-0"]
[WhiteElo "2346"]
[BlackElo "2601"]
[PlyCount "125"]
[EventDate "2005.11.17"]
[EventType "swiss (rapid)"]
[EventRounds "11"]
[EventCountry "ESP"]
[Source "lmi"]
[SourceDate "2005.11.20"]

1. e4 c5 2. c3 Nf6 3. e5 Nd5 4. Nf3 e6 5. d4 cxd4 6. cxd4 d6 7. Bc4 Nb6 8. Bd3
Nc6 9. O-O dxe5 10. dxe5 Nb4 11. Be4 Qxd1 12. Rxd1 N4d5 13. b3 Bd7 14. Bd2 Rc8
15. Rc1 Rxc1+ 16. Bxc1 h6 17. h4 Bb4 18. Bd2 Ke7 19. Bxb4+ Nxb4 20. Nbd2 Bc6
21. a3 N4d5 22. Kh2 Rd8 23. Rc1 Kf8 24. Nd4 Bd7 25. N2f3 Ke7 26. Kg3 f5 27.
Bxd5 Nxd5 28. Kh2 Be8 29. b4 Bh5 30. Nd2 g5 31. hxg5 hxg5 32. N2b3 Rh8 33. Kg1
Be8 34. Rc8 Rh4 35. Rb8 Nc7 36. Rxb7 Kd8 37. Rxa7 Re4 38. Ra5 Bd7 39. Rc5 Nd5
40. Nxf5 Rxe5 41. Ne3 Ke7 42. b5 Re4 43. Nxd5+ exd5 44. Rxd5 Be6 45. Rd3 Bc4
46. Rg3 Kf6 47. b6 Re6 48. b7 Rb6 49. Nc5 Rb1+ 50. Kh2 Kg6 51. Nd7 Rxb7 52.
Ne5+ Kf5 53. Nxc4 Ra7 54. Rb3 Ra4 55. Rb4 Ra6 56. Kg3 Kg6 57. a4 Kh5 58. a5 Ra8
59. Rb6 Rc8 60. Rb4 Ra8 61. Ra4 Ra6 62. Ne3 Kg6 63. Nd5 1-0